| 000 | 00938cam a2200145ua 4500 | ||
|---|---|---|---|
| 041 |
_aeng _h |
||
| 082 |
_a624.953 _bIND/CR |
||
| 110 | 1 |
_aBureau of Indian standards . _bBIS _c() |
|
| 245 |
_aCriteria for design of reinforced concrete bins for storage of granules and powdary materials,IS:4995-1974 / _cBureau of Indian standards. _hTextual Documents |
||
| 260 |
_a : _bISI , _c1989. |
||
| 300 | _a22 ; . | ||
| 504 | _a | ||
| 942 | _cBK | ||
| 999 |
_c4173 _d4173 |
||